Jugoslavija 1918-1988 (Record no. 8438)

MARC details
000 -LEADER
fixed length control field nam a22 uu 4500
001 - CONTROL NUMBER
control field WIIW0000078
003 - CONTROL NUMBER IDENTIFIER
control field OSt
005 - DATE AND TIME OF LATEST TRANSACTION
control field 20180329090400.0
008 - FIXED-LENGTH DATA ELEMENTS--GENERAL INFORMATION
fixed length control field 180329s1989 -yu||||| |||| 00| ||s d
040 ## - CATALOGING SOURCE
Transcribing agency OSt
110 2# - MAIN ENTRY--CORPORATE NAME
Corporate name or jurisdiction name as entry element Socijalistička Federationa Republika Jugoslavija
Subordinate unit Savezni Zavod za Statistiku
245 00 - TITLE STATEMENT
Title Jugoslavija 1918-1988
Remainder of title statistički godišnjak
260 ## - PUBLICATION, DISTRIBUTION, ETC.
Place of publication, distribution, etc. Beograd :
Date of publication, distribution, etc. 1989.
300 ## - PHYSICAL DESCRIPTION
Extent 438 S.
651 ## - SUBJECT ADDED ENTRY--GEOGRAPHIC NAME
Geographic name Yugoslavia
655 ## - INDEX TERM--GENRE/FORM
Genre/form data or focus term Statistical Yearbook
942 ## - ADDED ENTRY ELEMENTS (KOHA)
Koha item type Statistics
Holdings
Withdrawn status Lost status Source of classification or shelving scheme Damaged status Not for loan Home library Current library Shelving location Date acquired Total Checkouts Barcode Date last seen Price effective from Koha item type
    Other/Generic Classification Scheme     WIIW WIIW Library 08/16/1989   2000000005904 03/29/2018 03/29/2018 Statistics
The Vienna Instiute for International Economic Studies (wiiw)